000
00318nam a2200133Ia 4500
008
150731s2012 xx 000 0 und d
082
_a
611
_b
C 12 M
100
_a
MEMINN, R.M.H.
245
_a
THE CONCISE HANDBOOK OF HUMAN ANATOMY
250
_a
4 TH
260
_b
MANSON PUB.
_c
2012
300
_a
192
942
_2
ddc
_c
BK
999
_c
7966
_d
7966